|
|
|
|
| LEADER |
00000ny a22000003n 4500 |
| 005 |
20110510125117.0 |
| 008 |
100311c20059999ag dr p s0 a0spa d |
| 035 |
|
|
|a 2103
|
| 040 |
|
|
|a BUS
|d vLex
|
| 090 |
|
|
|c 1529
|d 1529
|
| 245 |
3 |
0 |
|a Boletn̕ oficial de la provincia de Mendoza
|h [Recurso electrn̤ico]
|
| 246 |
3 |
|
|i Tt̕ulo abreviado:
|a BOM
|
| 256 |
|
|
|a Servicio en ln̕ea
|
| 260 |
|
|
|a Mendoza, Argentina :
|b Gobierno de Mendoza
|
| 310 |
|
|
|a Mensual
|
| 650 |
0 |
4 |
|a Administracin̤ local
|z Argentina
|x Publicaciones perid̤icas
|
| 740 |
0 |
|
|a vLex Revista (Servicios en ln̕ea)
|
| 843 |
|
|
|a Electrn̤ica. Abierta
|
| 853 |
|
|
|8 1
|i (year)
|j (month)
|k (day)
|
| 856 |
4 |
|
|z Acceso restringido
|u http://vlex.com/source/boletin-oficial-provincia-mendoza-2103/section/02.01
|
| 942 |
|
|
|c REV
|